The multilateral fund for the implementation of the Montreal protocol : Addressing challenges of globalization: An independent evaluation of the World Bank's approach to global programs

में बचाया:
ग्रंथसूची विवरण
मुख्य लेखक: Kelly, Lauren
स्वरूप: पुस्तक
भाषा:Undetermined
प्रकाशित: Washington, D.C. The World Bank 2004
विषय:
टैग : टैग जोड़ें
कोई टैग नहीं, इस रिकॉर्ड को टैग करने वाले पहले व्यक्ति बनें!
Thư viện lưu trữ: Trung tâm Học liệu Trường Đại học Cần Thơ
LEADER 00742nam a2200205Ia 4500
001 CTU_97061
008 210402s9999 xx 000 0 und d
082 |a 332.1532 
082 |b K29 
100 |a Kelly, Lauren 
245 4 |a The multilateral fund for the implementation of the Montreal protocol : 
245 0 |b Addressing challenges of globalization: An independent evaluation of the World Bank's approach to global programs 
245 0 |c Lauren Kelly 
260 |a Washington, D.C. 
260 |b The World Bank 
260 |c 2004 
650 |a The World Bank,Eeconomic development projects 
650 |x Economic assistance,Developing countries,Evaluation 
904 |i Minh 
980 |a Trung tâm Học liệu Trường Đại học Cần Thơ